INDUSTRIAL RELATIONS AND LABOUR LAW (Record no. 1715250)

MARC details
000 -LEADER
fixed length control field 00406nam a22001697a 4500
003 - CONTROL NUMBER IDENTIFIER
control field OSt
005 - DATE AND TIME OF LATEST TRANSACTION
control field 20260312143633.0
008 - FIXED-LENGTH DATA ELEMENTS--GENERAL INFORMATION
fixed length control field 260312b |||||||| |||| 00| 0 eng d
040 ## - CATALOGING SOURCE
Transcribing agency FLL
041 ## - LANGUAGE CODE
Language code of text/sound track or separate title ENG
Language code of sung or spoken text ENG
100 ## - MAIN ENTRY--PERSONAL NAME
Personal name SRIVASTAVA, S.C
245 ## - TITLE STATEMENT
Title INDUSTRIAL RELATIONS AND LABOUR LAW
250 ## - EDITION STATEMENT
Edition statement 9th
260 ## - PUBLICATION, DISTRIBUTION, ETC.
Place of publication, distribution, etc. NOIDA
Name of publisher, distributor, etc. VIKAS PUBLICATION HOUSE
Date of publication, distribution, etc. 2026
300 ## - PHYSICAL DESCRIPTION
Extent 797
942 ## - ADDED ENTRY ELEMENTS (KOHA)
Source of classification or shelving scheme Colon Classification (CC)
Koha item type Textbook
Suppress in OPAC No
Holdings
Withdrawn status Lost status Source of classification or shelving scheme Damaged status Not for loan Home library Current library Date acquired Source of acquisition Cost, normal purchase price Inventory number Total Checkouts Full call number Barcode Date last seen Price effective from Koha item type Date last checked out Date due
    Colon Classification (CC)     Law Centre-I Library Law Centre-I Library 2026-02-06 APPLE BOOKS 825.00 016/2025-26-6/02/26   X:97:(Z2) R6 LO1646532 2026-03-12 2026-03-12 Textbook    
    Colon Classification (CC)     Law Centre-I Library Law Centre-I Library 2026-02-06 APPLE BOOKS 825.00 016/2025-26-6/02/26 1 X:97:(Z2) R6 LO1646533 2026-04-20 2026-03-12 Textbook 2026-04-07  
    Colon Classification (CC)     Law Centre-I Library Law Centre-I Library 2026-02-06 APPLE BOOKS 825.00 016/2025-26-6/02/26   X:97:(Z2) R6 LO1646534 2026-03-12 2026-03-12 Textbook    
    Colon Classification (CC)     Law Centre-I Library Law Centre-I Library 2026-02-06 APPLE BOOKS 825.00 016/2025-26-6/02/26 1 X:97:(Z2) R6 LO1646535 2026-04-16 2026-03-12 Textbook 2026-04-09  
    Colon Classification (CC)     Law Centre-I Library Law Centre-I Library 2026-02-06 APPLE BOOKS 825.00 016/2025-26-6/02/26 1 X:97:(Z2) R6 LO1646536 2026-04-28 2026-03-12 Textbook 2026-04-18  
    Colon Classification (CC)     Law Centre-I Library Law Centre-I Library 2026-02-06 APPLE BOOKS 825.00 016/2025-26-6/02/26   X:97:(Z2) R6 LO1646537 2026-03-12 2026-03-12 Textbook    
    Colon Classification (CC)     Law Centre-I Library Law Centre-I Library 2026-02-06 APPLE BOOKS 825.00 016/2025-26-6/02/26 1 X:97:(Z2) R6 LO1646538 2026-03-25 2026-03-12 Textbook 2026-03-25 2026-04-04
    Colon Classification (CC)     Law Centre-I Library Law Centre-I Library 2026-02-06 APPLE BOOKS 825.00 016/2025-26-6/02/26 1 X:97:(Z2) R6 LO1646539 2026-04-21 2026-03-12 Textbook 2026-04-21 2026-05-01
Copyright @ Delhi University Library System